Acteurs et actrices des années 2000 par images #1 - Statistiques

Statistiques générales
  • Ce quiz a été pris 455 fois
  • Le résultat moyen est 13 sur 20
Statistiques - réponses
Par images Réponse % Correct
Leonardo DiCaprio
99%
Jean Dujardin
92%
George Clooney
89%
Vincent Cassel
86%
Kad Merad
84%
Matt Damon
80%
Scarlett Johansson
79%
Anne Hathaway
76%
Daniel Craig
68%
Valérie Lemercier
63%
Nicole Kidman
61%
Sandra Bullock
57%
Cate Blanchett
55%
Christian Bale
51%
Halle Berry
49%
Gaspard Ulliel
45%
Cécile de France
35%
Colin Firth
35%
Drew Barrymore
33%
Renée Zellweger
24%
Aucun quiz correspondant
Distribution des résultats
% des personnes avec chaque résultat
Percentile par nombre de réponses
Votre historique - résultats
Vous n’avez pas pris ce quiz